000 00195nam a2200085Ia 4500
008 191206s9999 xx 000 0 und d
090 _aPR2824A2L49X
245 0 _aMEASURE FOR MEASURE
260 _cc1969
999 _c16463
_d16463